header

From Asgard to Valhalla (Record no. 175918)

MARC details
000 -LEADER
fixed length control field 01273nam a2200313 a 4500
082 04 - DEWEY DECIMAL CLASSIFICATION NUMBER
Classification number 293/.13
100 1# - MAIN ENTRY--AUTHOR NAME
Personal name O'Donoghue, Heather.
245 10 - TITLE STATEMENT
Title From Asgard to Valhalla
260 ## - PUBLICATION, DISTRIBUTION, ETC. (IMPRINT)
Place of publication London, [Eng.] ;
-- New York :
Name of publisher I. B. Tauris,
Year of publication 2008, c2007.
300 ## - PHYSICAL DESCRIPTION
Number of Pages vii, 224 p., [8] p. of plates :
Other physical details ill.
650 #0 - SUBJECT ADDED ENTRY--TOPICAL TERM
Topical Term Mythology, Norse
Topical Term Mythology, Norse
856 40 - ELECTRONIC LOCATION AND ACCESS
Uniform Resource Identifier http://site.ebrary.com/lib/rucke/Doc?id=10310805

No items available.

© 2026 Rongo University
Contact us: librarian | system librarian | Rongo university